| 000 | 00615nam a2200229Ia 4500 | ||
|---|---|---|---|
| 003 | OSt | ||
| 005 | 20221007070827.0 | ||
| 006 | a|||||r|||| 00| 0 | ||
| 007 | ta | ||
| 008 | 221006b |||||||| |||| 00| 0 eng d | ||
| 024 | _a28,266 | ||
| 037 | _cTextual | ||
| 040 |
_aFLL _cFLL _beng |
||
| 041 |
_2eng _aeng |
||
| 082 | _aZ73:511, J2 | ||
| 100 |
_aMoreland Roy _9687771 |
||
| 245 | 0 | _aLaw of homicide | |
| 260 |
_aIndianapolis _bThe Bobbs-Merrill Company Ltd. Indianapolis _c1952 |
||
| 300 |
_aviii,338p _ccm. |
||
| 942 |
_hZ73:511, J2 _cTEXL _2CC |
||
| 999 |
_c1141647 _d1141647 |
||